Представление документа в формате RUSMARC

ПолеНазваниеЗначение
  Тип записи a
  Библиографический уровень a
001 Контрольный номер RU/CBS_Ul/BASE/448886193
005 Дата корректировки 20240209175137.2
100 Данные общей обработки __
a Данные общей обработки 20140323d2014 ||| 0rusy0189 ca
101 Язык документа 0_
a Язык текста rus
102 Страна публикации __
a Страна публикации RU
105 Кодированные данные (монография) __
a Кодированные данные (монография) y###||||000|y
200 Заглавие и сведения об ответственности 1_
a Заглавие Как выбрать профессию?
b Общее обозначение материала Текст
300 Общие примечания __
a Общие примечания Ограничения по возрасту - 12+
461 Уровень набора _0
1 2000
a Мне 15
463 Уровень физической единицы _0
1 001RU/CBS_Ul/BASE/448885426
1 2000
a №3
v С.10-11 : фото
1 210
d 2014
606 Тематические рубрики 0_
a Основная рубрика Профориентация
610 Ключевые слова 0_
a Ключевые слова профессии
a Ключевые слова кругозор
a Ключевые слова способности
a Ключевые слова ориентация
a Ключевые слова характер
686 Индексы других классификаций __
a Классификационный индекс 74.200.52
2 Код системы ББК
686 Индексы других классификаций __
a Классификационный индекс 65.240
2 Код системы ББК
801 Источник записи _0
a Страна RU
b Организация МБУК ЦБС г. Ульяновска
c Дата составления 20140323
g Правила каталогизации RCR
801 Источник записи _1
a Страна RU
b Организация МБУК ЦБС г. Ульяновска
c Дата составления 20140323
g Правила каталогизации RCR
901 Тип документа __
t Тип документа b
w Контрольный № источника RU/CBS_Ul/BASE/448885426
910 Корректоры записи __
a Корректор записи Библиотека 18
938 Служебная информация __
a Имя БД period